| 000 | 00608nam a2200217Ia 4500 | ||
|---|---|---|---|
| 008 | 160517s9999 xx 000 0 und d | ||
| 050 | _aHD 28 | ||
| 050 | _b.C744 2016 | ||
| 100 | _aConcepcion, Joshua C. | ||
| 245 | _aPoint of sale & inventory system for shawarma snack center / | ||
| 245 | _cJoshua A. Concepcion. | ||
| 260 | _aLas PiƱas, Philippines : | ||
| 260 | _bSISC, | ||
| 260 | _c2016. | ||
| 300 | _a112 pages : | ||
| 300 | _billustrations ; | ||
| 300 | _c28 cm. | ||
| 500 | _aIncludes bibliographical references and appendices. | ||
| 521 | _aInformation Technology | ||
| 942 | _cTH | ||
| 999 |
_c293948 _d293948 |
||